000 00902nam a22002777i 4500
003 URS
005 20220117120600.0
008 180504b xxu||||| |||| 00| 0 eng d
040 _erda
_cURS
_beng
050 _aHD9980.5
_b.Z45 2006
100 _aZEITHALM, VALERIE A.
245 _aSERVICES MARKETING: INTEGRATING CUSTOMER FOCUS ACROSS THE FIRM/
_cVALERIE A. ZEITHALM. __
250 _aFOURTH EDITION. __
264 1 _a Boston :
_bMcGraw-Hill Irwin,
_c2006.
300 _a708 PAGES:
_bILLUSTRATIONS;
_c26 CM.
336 _atext
_btxt
_2rdacontent
337 _aunmediated
_bn
_2rdamedia
338 _avolume
_bnc
_2rdacarrier
504 _a Includes bibliographical references and index.
650 _a Subject Service industries -- Marketing.
650 _a Customer services.
650 _a Marketing.
700 _a Bitner, Mary Jo.
700 _a Gremler, Dwayne D.
942 _2lcc
_cFR
999 _c4926
_d4926